| 000 | 00508nam a22002057a 4500 | ||
|---|---|---|---|
| 001 | 00028720 | ||
| 005 | 20260408081845.0 | ||
| 008 | 260408b ag ||||| |||| 00| 0 spa d | ||
| 020 | _a9789505155095 | ||
| 040 |
_bspa _cAR-CcCEOS |
||
| 080 | _a860-36(82) | ||
| 090 | _bQUI8 | ||
| 100 | 0 |
_aQuino _91028 |
|
| 245 |
_aMafalda 8 / _cQuino _b / |
||
| 250 | _a1ยช ed. | ||
| 260 |
_aBuenos Aires : _bDe la Flor, _c2009. |
||
| 300 |
_a80 p. ; _c18x12 cm. |
||
| 650 | 0 | _aliteratura infantil | |
| 942 |
_2udc _cBK |
||
| 999 |
_c28754 _d28754 |
||
| 945 |
_a66467 _bMelina Rolando _c66467 _dMelina Rolando |
||